<?xml version="1.0" encoding="UTF-8"?><?xml-stylesheet type="text/xsl" href="static/style.xsl"?><OAI-PMH xmlns="http://www.openarchives.org/OAI/2.0/" xmlns:xsi="http://www.w3.org/2001/XMLSchema-instance" xsi:schemaLocation="http://www.openarchives.org/OAI/2.0/ http://www.openarchives.org/OAI/2.0/OAI-PMH.xsd"><responseDate>2026-04-13T07:06:46Z</responseDate><request verb="GetRecord" identifier="oai:www.recercat.cat:10230/54093" metadataPrefix="marc">https://recercat.cat/oai/request</request><GetRecord><record><header><identifier>oai:recercat.cat:10230/54093</identifier><datestamp>2025-12-22T20:20:11Z</datestamp><setSpec>com_2072_6</setSpec><setSpec>col_2072_452954</setSpec></header><metadata><record xmlns="http://www.loc.gov/MARC21/slim" xmlns:dcterms="http://purl.org/dc/terms/" xmlns:xsi="http://www.w3.org/2001/XMLSchema-instance" xmlns:doc="http://www.lyncode.com/xoai" xsi:schemaLocation="http://www.loc.gov/MARC21/slim http://www.loc.gov/standards/marcxml/schema/MARC21slim.xsd">
   <leader>00925njm 22002777a 4500</leader>
   <datafield ind2=" " ind1=" " tag="042">
      <subfield code="a">dc</subfield>
   </datafield>
   <datafield ind2=" " ind1=" " tag="720">
      <subfield code="a">Farràs Riu, Julia</subfield>
      <subfield code="e">author</subfield>
   </datafield>
   <datafield ind2=" " ind1=" " tag="720">
      <subfield code="a">López Gómez, Laura</subfield>
      <subfield code="e">author</subfield>
   </datafield>
   <datafield ind2=" " ind1=" " tag="260">
      <subfield code="c">2022-09-16T15:02:18Z</subfield>
   </datafield>
   <datafield ind2=" " ind1=" " tag="260">
      <subfield code="c">2022-09-16T15:02:18Z</subfield>
   </datafield>
   <datafield ind2=" " ind1=" " tag="260">
      <subfield code="c">2022-09-16</subfield>
   </datafield>
   <datafield ind2=" " ind1=" " tag="520">
      <subfield code="a">Treball fi de màster de l’especialitat de Llengua i Literatura Catalana i Castellana. Màster de Formació del professorat d&amp;apos;Educació Secundària i Batxillerat UPF-UOC</subfield>
   </datafield>
   <datafield ind2=" " ind1=" " tag="520">
      <subfield code="a">Tutora: Rosa Clar Martínez</subfield>
   </datafield>
   <datafield ind2=" " ind1=" " tag="520">
      <subfield code="a">El objetivo principal de este estudio es proponer una programación didáctica&#xd;
para la secundaria que abarque los contenidos de la educación afectiva sexual a través de&#xd;
las dimensiones del ámbito lingüístico y contenidos específicos de cada curso. La propuesta&#xd;
pedagógica ideada parte de la necesidad de acompañar a los alumnos en una etapa de&#xd;
autodescubrimiento y acercamiento a la sexualidad desde una perspectiva feminista y&#xd;
LGTIBQ+. Las redes y la pornografía, donde la representación de los cuerpos y las&#xd;
relaciones sexuales es sesgada y promueve comportamientos violentos y machistas, es&#xd;
actualmente la principal fuente de consulta para muchos adolescentes. Ante esta evidencia,&#xd;
creemos que desde la comunidad educativa es necesario aplicar una pedagogía&#xd;
constructivista que permita a los alumnos desarrollar un pensamiento crítico hacia la&#xd;
información y contenidos sobre sexualidad que tienen a su alcance. Para ello, pensamos&#xd;
que la asignatura de Lengua y Literatura es un vehículo idóneo que aporta multitud de&#xd;
perspectivas y permite el cuestionamiento de estas representaciones de género y&#xd;
sexualidad, al mismo tiempo que facilita el desarrollo de aprendizajes significativos en este&#xd;
ámbito.</subfield>
   </datafield>
   <datafield ind2=" " ind1=" " tag="520">
      <subfield code="a">The aim of this research is to propose a didactic program for secondary school&#xd;
that covers the sexual-affective education contents through the dimensions of the linguistic&#xd;
field and its each specific contents per course. The pedagogical proposal stems from the&#xd;
need to accompany students in a stage of self-discovery and approach to sexuality from a&#xd;
feminist and LGTIBQ+ perspective. Networks and pornography, in which the representation&#xd;
of bodies and sexual relations are biased while violent and sexist behaviors are promoted, is&#xd;
currently the main source of consultation for many adolescents. Given this evidence, we&#xd;
believe that from the educational community it is necessary to apply a constructivist&#xd;
pedagogy that allows students to develop critical thinking towards the information and&#xd;
content on sexuality that they have at their fingertips. For this, we think that Language and&#xd;
Literature subject is an appropriate carrier which provides a multitude of perspectives and&#xd;
allows us to wonder about these gender and sexuality representations while facilitating the&#xd;
development of significant learning in this area.</subfield>
   </datafield>
   <datafield tag="653" ind2=" " ind1=" ">
      <subfield code="a">Educació sexual</subfield>
   </datafield>
   <datafield tag="653" ind2=" " ind1=" ">
      <subfield code="a">Educació secundària</subfield>
   </datafield>
   <datafield tag="653" ind2=" " ind1=" ">
      <subfield code="a">Pedagogia</subfield>
   </datafield>
   <datafield ind2="0" ind1="0" tag="245">
      <subfield code="a">La educación afectivo sexual en el aula de lengua y literatura: una propuesta integradora para la educación secundaria obligatoria</subfield>
   </datafield>
</record></metadata></record></GetRecord></OAI-PMH>